000 01434nam a2200277 a 4500
001 000035863
005 20240509200459.0
008 111115s1958 fr 000 0 fre d
040 _aDO-SdBNP
_bspa
_cBNPHU
082 _a160
_bL832
245 0 0 _aLogique et perception /
_cJérôme S. Bruner ... [et. al.].
260 _aParis :
_bPresses Universitaires de France,
_c1958.
300 _a204 p. :
_bil. ;
_c22 cm.
490 1 _aBiblothéque scientifique internatonale. Études D´épistémologie génétique
_v6
504 _aBibliografía: p. 45-48
505 0 _aLe processus de préparation à la perception /
_rpar J.S. Bruner.
_tLes isomorphismes partiels entre les structureslogiques et les structures perceptives ;
_rJean Piaget et Albert Morf.
_tLes préinferénces perceptives et leurs relations avec les schèmes$asensori-moteurs et opératoires /
_rJean Piaget et Albert Morf.
_tPerception et indices perceptifs /
_rFrançois Bresson
_aInfluence des schémes inductifs sur la perception : étude expérimentale /
_rFrançois Bresson
650 0 _aLógica
_9332
650 4 _aPercepción
_935121
700 1 2 _aMorf, Albert
_961846
700 1 2 _aBruner, Jérôme S.
_950772
700 1 2 _aBresson, François
_961847
700 1 2 _aPiaget, Jean
_d1896-1980
_940350
830 0 _aÉtudes D´épistémologie génétique
_961848
830 0 _aBiblothéque scientifique internatonale
_961849
910 _aValidado. Control de calidad MFF
999 _c35354
_d35354